LEADER 01231nam a2200289 i 4500 001 000000076654 003 CaOOAMICUS 005 20010327000000.0 008 010327s1991 fr u000 u fre u 013 $a47826 020 $a2-7189-0491-7 040 $aSeMil$bita 100 1 $aLienhard, Marc.$0(OLS)http://semarc/name/32767 245 10$aAu coeur de la foi de Luther :$bJésus-Christ /$cMarc Lienhard. 260 $aParis :$bDesclée,$ccopyr. 1991. 300 $a355 p. ;$c23 cm. 490 0 $aJésus et Jésus-Christ ;$v48 500 $aContiene : Bibliographie ; Chronologie ; Index des citations bibliques. 600 14$aLutero, Martin <1483-1546>.$0(OLS)http://semarc/subject/3365 650 4$aCristologia.$0(OLS)http://semarc/subject/173 830 0$aJésus et Jésus-Christ ;$v48.$0(OLS)http://semarc/title/5741 850 $aSeMil 852 $aSeMil$W1$xVenegono$y1$m2N III 548$j42806$B42806$CSeMilBibl$Z2$F42673 $81 961 $aAcquisto: La Procure (Libreria) 996 $6020$a2-7189-0491-7$9(OLS)http://semarc/number/57710 996 $6245$aAu coeur de la foi de Luther :$bJésus-Christ$9(OLS)http://semarc/title/124293 996 $6260$aParis :$bDesclée$9(OLS)http://semarc/publisher/29855 LEADER 01202nam a2200277 i 4500 001 000000071004 003 CaOOAMICUS 005 20260506121426.0 008 101021s1996 it u000 u ita u 013 $a42176 020 $a88-10-50303-1 040 $aSeMil$bita 100 1 $aStaglianò, Antonio,$c.$0(OLS)http://semarc/name/19256 245 13$aIl mistero del Dio vivente :$bper una teologia dell'Assoluto trinitario /$cAntonio Staglianò. 260 $aBologna :$bEDB,$c1996. 300 $a662 p. ;$c24 cm. 650 4$aTrinità - Teologia.$0(OLS)http://semarc/subject/1098 650 4$aTeologia trinitaria.$0(OLS)http://semarc/subject/1000 773 0 $tCorso di teologia sistematica.$dBologna : EDB, 1985-1993.$g3$w()659 850 $aSeMil 852 $aSeMil$W1$xVenegono$y1$m2LA T 3$j271394$B37157$CSeMilBibl$Z2$F37160 $81 961 $aSottoscrizione: Città Nuova 996 $6020$a88-10-50303-1$9(OLS)http://semarc/number/49931 996 $6245$aIl mistero del Dio vivente :$bper una teologia dell'Assoluto trinitario$9(OLS)http://semarc/title/114122 996 $6260$aBologna :$bEDB$9(OLS)http://semarc/publisher/29669